| 000 | 00412nam a22001457a 4500 | ||
|---|---|---|---|
| 082 |
_a691.83 _bCOP _cL-14, P-29 |
||
| 100 |
_aCopper Dev Association _945397 |
||
| 245 | _aCopper Flashings and Weatherings | ||
| 250 | _a1st | ||
| 260 |
_aCopper Development Association _bKendals Hall _c1947 |
||
| 300 |
_aP-144. _bill. _c12cm |
||
| 526 |
_a0 _b0 _c0 _d691_830000000000000_COP |
||
| 650 |
_aMCE _9379 |
||
| 942 |
_2ddc _cBK |
||
| 999 |
_c548933 _d548933 |
||